000 00653nam a2200193 i 4500
001 75589
003 ES-MaACL
005 20250828063245.0
007 t|
008 040927s1975 sp ||||1| spa d
100 1 _aGuaita, Aurelio,
_d1922-1990
_960276
245 1 0 _aDivisión territorial y descentralización /
_cAurelio Guaita.
260 _aMadrid :
_bInstituto de Estudios de Administración Local,
_c1975.
300 _aXVI, 354 p. ;
_c23 cm.
650 _aDescentralización administrativa-
_zEspaña.
_911822
651 4 _aEspaña-
_xDivisiones territoriales.
_98189
852 _aES-MaACL
_jL-323
_bR.100712
999 _c75589
_d75589